Không gian với N0- cơ sở yếu

Một số kiến thức về tôpô đại cương, một số kiến thức về không gian metric suy rộng. Tìm hiểu Không gian với N0- cơ sở yếu

Đã lưu trong:
书目详细资料
主要作者: Nguyễn Thị Cúc Kim
其他作者: Lương Quốc Tuyển TS. (Hướng dẫn)
格式: 图书
语言:Vietnamese
出版: Đà Nẵng Đại học Đà Nẵng 2015
主题:
标签: 添加标签
没有标签, 成为第一个标记此记录!
Thư viện lưu trữ: Mạng thư viện Đại học Đà Nẵng
LEADER 01571nam a2200361 4500
001 000020244
003 16689
005 20150317160334.0
008 150311s2015 viesd
041 |a vie 
082 1 4 |a 514.3  |b NG-K 
100 1 |a Nguyễn Thị Cúc Kim 
245 1 |a Không gian với N0- cơ sở yếu  |c Nguyễn Thị Cúc Kim ; Lương Quốc Tuyển hướng dẫn.  |k Luận văn Thạc sĩ 
260 |a Đà Nẵng  |b Đại học Đà Nẵng  |c 2015 
300 |a 48 tr., phụ lục 3 tr.  |c 29 cm.  |e Tóm tắt 
500 |a Luận văn thạc sĩ Khoa học. Chuyên ngành: Phương pháp toán sơ cấp. Mã số: 60.46.40. 
520 3 |a Một số kiến thức về tôpô đại cương, một số kiến thức về không gian metric suy rộng. Tìm hiểu Không gian với N0- cơ sở yếu 
650 0 4 |a Tôpô học  |v Luận văn tốt nghiệp  |x Cơ sở yếu 
653 |a Phương pháp toán sơ cấp 
653 |a Không gian mêtric 
653 |a Tôpô học 
653 |a Cơ sở yếu 
700 1 |a Lương Quốc Tuyển  |c TS.  |e Hướng dẫn 
OWN |a LSP 
AVA |a UDN50  |b LSP  |d 514.3 NG-K  |e available  |t Error 5001 Not defined in file expand_doc_bib_avail.  |f 1  |g 0  |h N  |i 0  |k 1 
999 |a From the UDN01 
AVA |a UDN50  |b LSP  |d 514.3 NG-K  |e available  |t Error 5001 Not defined in file expand_doc_bib_avail.  |f 1  |g 0  |h N  |i 0  |k 1 
TYP |a Monograph 
TYP |a Printed language 
980 |a Mạng thư viện Đại học Đà Nẵng